| 000 | 00555nam a22002295i 4500 | ||
|---|---|---|---|
| 999 |
_c1477 _d1477 |
||
| 001 | 100006 | ||
| 003 | CoMeUDC | ||
| 005 | 20220113165212.0 | ||
| 008 | 2019 | ||
| 020 | _a9789585496460 | ||
| 040 |
_aCO-UDEC _cCO-UDEC |
||
| 042 | _apcc | ||
| 082 |
_a863 _bV182 |
||
| 100 | 1 | _aVallejo, Fernando. | |
| 245 | 1 | 0 |
_aMemorias de un hijueputa / _cFernando Vallejo. |
| 250 | _a1. ed. | ||
| 264 | 1 |
_aBogotá : _bAlfaguara, _c2019. |
|
| 300 |
_a186 p. ; _c24 cm. |
||
| 650 | 0 |
_9269 _aLiteratura colombiana |
|
| 650 | 0 |
_91937 _aNovela colombiana |
|
| 942 |
_2ddc _cBK |
||